[Event "TCh-CZE Div1 Vychod 2012-13"]
[Site "Czech Republic CZE"]
[Date "2012.10.21"]
[Round "1.5"]
[White "Koutny,Pe"]
[Black "Kolasin,J"]
[Result "0-1"]
[WhiteElo "2175"]
[BlackElo "2001"]

1.e4 e6 2.d4 d5 3.Nc3 Nf6 4.e5 Nfd7 5.f4 c5 6.Nf3 Nc6 7.Be3 Be7 8.Qd2 O-O
9.Be2 a6 10.O-O b5 11.a3 Rb8 12.Nd1 Na5 13.Nf2 Nc4 14.Bxc4 bxc4 15.c3 Nb6
16.Rae1 Na4 17.Nd1 Qb6 18.Re2 Rd8 19.g4 cxd4 20.Nxd4 Nc5 21.Nf3 Qc6 22.Bxc5 Bxc5+
23.Nd4 Qb6 24.f5 f6 25.fxe6 fxe5 26.Rxe5 Bxe6 27.Ne3 Bf7 28.Nef5 Qxb2 29.Qg5 Bxd4+
30.cxd4 Bg6 31.Ne7+ Kh8 32.Nc6 Rf8 33.Nxb8 Qxd4+ 34.Re3 Rxb8 35.Qf4 Qxf4
36.Rxf4 Be4 37.Kf2 h6 38.Rc3 Rb2+ 39.Ke3 Rxh2 40.Kd4 Kh7 41.Kc5 Rb2 42.Rf8 Kg6
43.Ra8 Kg5 44.Rxa6 Kxg4 45.Rc1 Rg2 46.a4 h5 47.a5 h4 48.Ra7 g5 49.a6 h3 50.Rf7 Ra2
51.Rg1+ Bg2 52.a7 Kg3 53.Rg7 g4 54.Kd4 Kf2 55.Rc1 Kg3 56.Rc2 Ra5 57.Rc3+ Bf3
58.Rh7 h2 59.Rc1 Be4 60.Rd1 Bxh7  0-1

[Event "39th ch-IND Premier w 2012"]
[Site "Jalgaon IND"]
[Date "2012.10.27"]
[Round "4.7"]
[White "Pratyusha,B"]
[Black "Ivana Maria,F"]
[Result "1-0"]
[WhiteElo "2128"]
[BlackElo "2119"]

1.e4 e6 2.d4 d5 3.Nc3 Nf6 4.e5 Nfd7 5.f4 c5 6.Nf3 Nc6 7.Be3 cxd4 8.Nxd4 Bc5
9.Qd2 O-O 10.O-O-O Bxd4 11.Bxd4 Qa5 12.Kb1 Rb8 13.Be3 b5 14.Ne2 Qxd2 15.Rxd2 f6
16.Nd4 Nxd4 17.Bxd4 fxe5 18.fxe5 Rf5 19.Bd3 Rh5 20.g4 Rg5 21.Be2 Bb7 22.h4 Rxe5
23.Bxe5 Nxe5 24.Re1 Rf8 25.Rf1 a6 26.Rxf8+ Kxf8 27.a4 Bc6 28.axb5 axb5 29.b3 Ke7
30.Kb2 Ng6 31.Kc3 Nxh4 32.Kb4 Kd6 33.Bxb5 Nf3 34.Rf2 Ne5 35.Bxc6 Kxc6 36.g5 d4
37.Rh2 d3 38.cxd3 Nxd3+ 39.Ka5 e5 40.b4 e4 41.b5+ Kd6 42.b6 Nc5 43.Kb5 Nb3
44.b7 Kc7 45.Rxh7 Kxb7 46.Rxg7+ Kc8 47.Re7  1-0

[Event "Vizag GM Open 2012"]
[Site "Visakhapatnam IND"]
[Date "2012.10.28"]
[Round "4.18"]
[White "Matta,V"]
[Black "Rahman,Zia"]
[Result "1/2-1/2"]
[WhiteElo "2179"]
[BlackElo "2502"]

1.e4 e6 2.d4 d5 3.Nc3 Nf6 4.e5 Nfd7 5.f4 c5 6.Nf3 Nc6 7.Be3 Be7 8.Be2 O-O
9.O-O b6 10.Qd2 f6 11.dxc5 Nxc5 12.Bb5 Bb7 13.Bxc6 Bxc6 14.exf6 Bxf6 15.Bd4 Qc7
16.Be5 Qb7 17.Qe3 Bxe5 18.Qxe5 Rf5 19.Qe3 a5 20.Nd4 Rf6 21.a3 a4 22.b4 axb3
23.cxb3 Bd7 24.a4 h6 25.Rae1 Kh8 26.Rf3 Raf8 27.b4 Na6 28.Rb1 Qb8 29.g3 Nc7
30.Qe5 Qa7 31.Re3 b5 32.Ncxb5 Nxb5 33.axb5 Qb6 34.Rc3 Bxb5 35.Rc5 Bd3 36.Rb3 Be4
37.Rb5 Qa6 38.Ra5 Qc8 39.Rc5 Qe8 40.Rc1 Qg6 41.Rf1 Qg4 42.b5 Qh3 43.Nf3 Rc8
44.Rc3 Ra8 45.Rb3 Rg6 46.Qb2 e5 47.Nxe5 Rb6 48.Nf3 Rc8 49.Ne1 Rc2 50.Qxc2 Bxc2
51.Nxc2 Qc8 52.Nd4 Qc5 53.Rd1 Re6 54.Kg2 Re4 55.Rbd3 Qb4 56.R3d2 Re1 57.Kf2 Rxd1
58.Rxd1 Qb2+ 59.Kf3 Kh7 60.h4 h5 61.Rd3 Qb1 62.Rd2 Qe1 63.Nb3 Qf1+ 64.Ke3 Qxb5
65.Nd4 Qc5 66.Kf2 Kg6 67.Ke2 Kf6 68.Kf2 Qa7 69.Ke2 Qa5 70.Rd1 Qa4 71.Rd2 Ke7
72.Nf5+ Ke6 73.Nd4+ Kd7 74.Nf3 Kd6 75.Kf2 Kc5 76.Ke2 Qb3 77.Kf2 Qc3 78.Ke2 Qc4+
79.Kf2 Qc1 80.Ke2 Qb1 81.Kf2 Qg6 82.Ne5 Qf5 83.Nf3 Qh3 84.Rc2+ Kd6 85.Rd2 Qh1
86.Rd4 Qa1 87.Rd2 Ke6 88.Kg2 Qa8 89.Nd4+ Kd6 90.Kf2 Kc5 91.Nf3 Kc4 92.Rc2+ Kd3
93.Ne1+ Ke4 94.Re2+ Kf5 95.Nf3 Kg4 96.Rd2 Qb7 97.Rd1 Qb6+ 98.Kg2 Qb3 99.Ne5+ Kf5
100.Rd2 Qb4 101.Nf3 Qe4 102.Kf2 Kg4 103.Ne5+ Kh3 104.Nf3 Qc4 105.Ng5+ Kg4
106.Nf3 Qb3 107.Rd3 Qb6+ 108.Kg2 Qb2+ 109.Rd2 Qb3 110.Ne5+ Kf5 111.Nf3 Ke4
112.Re2+ Kd3 113.Rd2+ Ke3 114.Re2+ Kd3 115.Rd2+ Kc3 116.Kf2 Qb6+ 117.Ke2 Qb1
118.Kf2 Qe4 119.Re2 Qg6 120.Re3+ Kb4 121.Re2 Qb6+ 122.Kg2  1/2-1/2

[Event "16th OIBM 2012"]
[Site "Bad Wiessee GER"]
[Date "2012.10.30"]
[Round "4.12"]
[White "Rausch,S"]
[Black "Eingorn,V"]
[Result "0-1"]
[WhiteElo "2307"]
[BlackElo "2550"]

1.d4 e6 2.e4 d5 3.Nc3 Nf6 4.e5 Nfd7 5.f4 c5 6.Nf3 Nc6 7.Be3 Be7 8.Qd2 O-O
9.Ne2 b5 10.g3 b4 11.Bg2 Ba6 12.a3 bxa3 13.bxa3 Nb6 14.Kf2 Nc4 15.Qc3 Rc8
16.dxc5 Nxe3 17.Qxe3 Qa5 18.Ned4 Nxd4 19.Nxd4 Bxc5 20.Rhc1 Bb6 21.f5 Rc3
22.Qf4 Qa4 23.Rd1 Rxc2+ 24.Kf3 Rc4  0-1

[Event "12th Sautron Open"]
[Site "Sautron FRA"]
[Date "2012.11.01"]
[Round "7.4"]
[White "Pancevski,F"]
[Black "Ulibin,M"]
[Result "1/2-1/2"]
[WhiteElo "2482"]
[BlackElo "2529"]

1.e4 e6 2.d4 d5 3.Nc3 Nf6 4.e5 Nfd7 5.f4 c5 6.Nf3 Nc6 7.Be3 Be7 8.Be2 O-O
9.O-O b6 10.Qe1 f5 11.exf6 Nxf6 12.Rd1 Ng4 13.Bc1 cxd4 14.Nxd4 Nxd4 15.Bxg4 Bc5
16.Kh1 Qf6 17.Rf2 Nf5 18.Re2 Nd4 19.Rf2 Nf5 20.Re2 Nd4 21.Rf2  1/2-1/2

[Event "39th ch-IND Premier w 2012"]
[Site "Jalgaon IND"]
[Date "2012.11.02"]
[Round "10.11"]
[White "Harini,S"]
[Black "Shweta,G"]
[Result "1-0"]
[WhiteElo "2013"]
[BlackElo "1955"]

1.e4 e6 2.d4 d5 3.Nc3 Nf6 4.e5 Nfd7 5.f4 c5 6.Nf3 Nc6 7.Be3 Qb6 8.Qd2 c4
9.Rb1 Qa5 10.a3 b5 11.f5 b4 12.axb4 Bxb4 13.fxe6 fxe6 14.Be2 Rb8 15.O-O Bxc3
16.bxc3 Rxb1 17.Rxb1 Nb6 18.Qe1 Qa3 19.Bd2 Qe7 20.Ra1 Qf7 21.Bc1 Qf5 22.Qg3 Rg8
23.Ng5 Qxc2 24.Bh5+ Kd8 25.Ba3 h6 26.Bf7 Rh8 27.Nxe6+ Bxe6 28.Bxe6 Re8 29.Bf7 Rh8
30.Qxg7 Rh7 31.Qg8+ Kc7 32.Bd6+ Kb7 33.Bg6 Qxc3 34.Qxh7+ Ka8 35.Rf1 Qxd4+  1-0

[Event "TCh-HUN 2012-13"]
[Site "Nagykanizsa HUN"]
[Date "2012.11.04"]
[Round "3"]
[White "Varga,Kl"]
[Black "Galyas,M"]
[Result "1/2-1/2"]
[WhiteElo "2200"]
[BlackElo "2429"]

1.e4 e6 2.d4 d5 3.Nc3 Nf6 4.e5 Nfd7 5.f4 c5 6.Nf3 Nc6 7.Be3 a6 8.Qd2 b5 9.a3 Qb6
10.dxc5 Bxc5 11.Bxc5 Nxc5 12.b4 Ne4 13.Nxe4 dxe4 14.Ng5 e3 15.Qd3 Qd4 16.Qxd4 Nxd4
17.Bd3 Bb7 18.c3 Bxg2 19.Rg1 Nf3+ 20.Nxf3 Bxf3 21.Rxg7 Rc8 22.c4 bxc4 23.Be2 Kf8
24.Rg3 Bxe2 25.Kxe2 c3 26.Rc1 Ke7 27.Rxe3 c2 28.Kd2 Rhd8+ 29.Rd3 Rg8 30.Rg3 Rgd8+
31.Rd3 Rg8 32.Rg3 Rgd8+  1/2-1/2

[Event "WY BU14 2012"]
[Site "Maribor SLO"]
[Date "2012.11.09"]
[Round "2.3"]
[White "Peczely,S"]
[Black "Ali Marandi,C"]
[Result "0-1"]
[WhiteElo "2092"]
[BlackElo "2367"]

1.e4 e6 2.d4 d5 3.Nc3 Nf6 4.e5 Nfd7 5.f4 c5 6.Nf3 Nc6 7.Be3 Be7 8.a3 O-O
9.Qd2 a6 10.Be2 b5 11.Nd1 f6 12.exf6 Nxf6 13.Nf2 Ne4 14.Qc1 cxd4 15.Nxd4 Nxd4
16.Bxd4 e5 17.Nxe4 Rxf4 18.Be3 Rxe4 19.Bf3 Rh4 20.O-O e4 21.g3 Rh3 22.Bg2 Rh5
23.Qd2 Bf6 24.Bd4 Bxd4+ 25.Qxd4 Be6 26.Rad1 Qc7 27.c3 Re8 28.Rf2 Qe5 29.Qe3 Rxh2
30.Kxh2 Qh5+ 31.Bh3 Qxd1 32.Bxe6+ Rxe6 33.Kg2 Rh6 34.Rf1 Qc2+ 35.Rf2 Qb1
36.Rf1 Qxb2+ 37.Rf2 Qb1 38.Rf1 Qc2+ 39.Rf2 Qd1 40.Rf1 Qh5 41.Rf8+ Kxf8 42.Qc5+ Ke8
43.Qc8+ Ke7 44.Qc7+ Ke6 45.Qc6+ Ke5 46.Qc7+ Rd6 47.Qe7+ Re6 48.Qxg7+ Kd6
49.Qf8+ Kd7  0-1

[Event "38th ch-BAN 2012"]
[Site "Dhaka BAN"]
[Date "2012.11.10"]
[Round "3.6"]
[White "Ahmed,SN"]
[Black "Reefat,S"]
[Result "0-1"]
[WhiteElo "2295"]
[BlackElo "2438"]

1.e4 e6 2.d4 d5 3.Nc3 Nf6 4.e5 Nfd7 5.f4 c5 6.Nf3 Nc6 7.Be3 Be7 8.Qd2 O-O
9.dxc5 Bxc5 10.Nd4 a6 11.O-O-O Nxd4 12.Bxd4 b5 13.Ne2 Qc7 14.Qe3 b4 15.Bxc5 Nxc5
16.Nd4 Bd7 17.Bd3 Rfc8 18.Kb1 a5 19.g4 a4 20.f5 b3 21.cxb3 axb3 22.a3 exf5
23.Rc1 f4 24.Qxf4 Qb6 25.Rhf1 Rf8 26.Rf3 Ra4 27.Bf5 Bxf5+ 28.gxf5 Ne4 29.Nxb3 Nc3+
30.Rcxc3 Rxf4 31.Rxf4 Qg1+ 32.Ka2 Qxh2 33.Rcf3 Re8 34.e6 fxe6 35.fxe6 h5
36.Nd4 Qd2 37.Rf2 Qe3 38.R2f3 Qe5 39.Nb3 Qxe6 40.Rf5 h4 41.Nd4 Qh6 42.Rh3 Re4  0-1

[Event "WY BU14 2012"]
[Site "Maribor SLO"]
[Date "2012.11.10"]
[Round "3.43"]
[White "Mayed,Al-Rashedi"]
[Black "Filipets,Egor"]
[Result "0-1"]
[WhiteElo "1777"]
[BlackElo "2021"]

1.e4 e6 2.d4 d5 3.Nc3 Nf6 4.e5 Nfd7 5.f4 c5 6.Nf3 Nc6 7.Be3 a6 8.Qd2 b5 9.dxc5 Bxc5
10.Bxc5 Nxc5 11.Nd4 Bd7 12.a3 Qb6 13.Nce2 Ne4 14.Qd3 Rc8 15.g3 b4 16.a4 f6
17.Bg2 fxe5 18.fxe5 Nxe5 19.Qe3 Nc4 20.Qb3 Ncd2 21.Qe3 e5 22.Nf5 Qxe3 23.Nxe3 Be6
24.Rc1 O-O 25.Nf1 Nf3+ 26.Bxf3 Rxf3 27.Nd2 Nxd2 28.Kxd2 Bg4 29.h3 Bf5 30.g4 Bg6
31.h4 d4 32.Rhd1 Rf2 33.Rg1 Bxc2  0-1

[Event "WY BU16 2012"]
[Site "Maribor SLO"]
[Date "2012.11.10"]
[Round "3.45"]
[White "Darling,Simeon C."]
[Black "Wagdy,A"]
[Result "1/2-1/2"]
[WhiteElo "1931"]
[BlackElo "2084"]

1.e4 e6 2.d4 d5 3.Nc3 Nf6 4.e5 Nfd7 5.f4 c5 6.Nf3 Nc6 7.Be3 a6 8.Qd2 Be7
9.Be2 O-O 10.O-O b5 11.Nd1 cxd4 12.Nxd4 Nxd4 13.Bxd4 Nc5 14.Qe3 Qc7 15.Rf3 Ne4
16.Bd3 Bb7 17.Rh3 f5 18.Nf2 Rf7 19.a4 b4 20.Qe2 Bc5 21.Qe3 Bxd4 22.Qxd4 Qc5
23.Qxc5 Nxc5 24.Bf1 a5 25.Bb5 Ba6 26.Nd3 Ne4 27.Bxa6 Rxa6 28.Ne1 Rc7 29.Rd3 Rac6
30.Rd4 Rc4 31.Rad1 Rxd4 32.Rxd4 Nc5 33.b3 Ne4 34.Kf1 h6 35.Rd3 Kf7 36.g3 g5
37.Kg2 Kg6 38.Kf1 Kh5 39.h3 Rc8 40.Kg2 Rg8 41.Kh1 Rc8 42.Kg2 gxf4 43.gxf4 Rg8+
44.Kh2 Rc8 45.Kg2 Kg6 46.Kh2 Kf7 47.Kg2  1/2-1/2

[Event "WY BU18 2012"]
[Site "Maribor SLO"]
[Date "2012.11.11"]
[Round "4"]
[White "Bok,B"]
[Black "Bluebaum,M"]
[Result "1/2-1/2"]
[WhiteElo "2537"]
[BlackElo "2438"]

1.e4 e6 2.d4 d5 3.Nc3 Nf6 4.e5 Nfd7 5.f4 c5 6.Nf3 Nc6 7.Be3 Be7 8.Qd2 b6
9.Be2 O-O 10.Nd1 f5 11.O-O cxd4 12.Nxd4 Nxd4 13.Bxd4 Nc5 14.Nf2 a5 15.Qe3 Ba6
16.Rfd1 Bxe2 17.Qxe2 Qc7 18.c4 Rfd8 19.Be3 dxc4 20.Qxc4 Kf7 21.Qe2 Rxd1+
22.Qxd1 Rd8 23.Qf3 g6 24.Rc1  1/2-1/2

[Event "38th ch-BAN 2012"]
[Site "Dhaka BAN"]
[Date "2012.11.12"]
[Round "5.6"]
[White "Abu Sufian,S"]
[Black "Murshed,N"]
[Result "1/2-1/2"]
[WhiteElo "2374"]
[BlackElo "2452"]

1.e4 e6 2.d4 d5 3.Nc3 Nf6 4.e5 Nfd7 5.f4 c5 6.Nf3 Nc6 7.Be3 Be7 8.a3 O-O
9.dxc5 Nxc5 10.Be2 a6 11.O-O b5 12.b4 Nd7 13.Nd4 Bb7 14.Bd3 Nxd4 15.Bxd4 f5
16.exf6 Bxf6 17.Ne2 Bxd4+ 18.Nxd4 Qb6 19.Kh1 Nf6 20.c3 Ne4 21.Qe1 Rf6 22.Qe3 Raf8
23.Rae1 Kh8 24.Bxe4 dxe4 25.Nb3 Qxe3 26.Rxe3 g5 27.g3 gxf4 28.gxf4 Rxf4 29.Rxf4 Rxf4  1/2-1/2

[Event "WY BU16 2012"]
[Site "Maribor SLO"]
[Date "2012.11.12"]
[Round "5.25"]
[White "Lampert,J"]
[Black "Wagdy,A"]
[Result "0-1"]
[WhiteElo "2292"]
[BlackElo "2084"]

1.e4 e6 2.d4 d5 3.Nc3 Nf6 4.e5 Nfd7 5.f4 c5 6.Nf3 Nc6 7.Be3 a6 8.Qd2 Be7
9.Be2 O-O 10.O-O b6 11.Rad1 Kh8 12.Qe1 f6 13.exf6 Bxf6 14.Qf2 Bb7 15.dxc5 bxc5
16.Bxc5 Nxc5 17.Qxc5 Be7 18.Qe3 Qd6 19.Ng5 Bxg5 20.fxg5 Ne7 21.Bd3 e5 22.Kh1 e4
23.Be2 Nf5 24.Qh3 Qe5 25.Bg4 Ne7 26.Qe3 d4 27.Rxf8+ Rxf8 28.Qg3 Qxg3 29.hxg3 dxc3
30.bxc3 Nd5 31.Be6 Nxc3 32.Rd7 Bc8 33.Re7 Bxe6 34.Rxe6 Ra8 35.Kg1 Nxa2 36.Rxe4 a5
37.g6 hxg6 38.c4 a4 39.c5 Nc3  0-1

[Event "WY BU16 2012"]
[Site "Maribor SLO"]
[Date "2012.11.12"]
[Round "6.5"]
[White "Akhmetov,Ay"]
[Black "Grib,R"]
[Result "1/2-1/2"]
[WhiteElo "2362"]
[BlackElo "2332"]

1.e4 e6 2.d4 d5 3.Nc3 Nf6 4.e5 Nfd7 5.f4 c5 6.Nf3 Nc6 7.Be3 a6 8.Qd2 b5 9.Be2 Qb6
10.Nd1 f5 11.c3 a5 12.O-O Ba6 13.Ng5 Nd8 14.g4 h6 15.Nf3 g6 16.Kh1 Nc6 17.gxf5 gxf5
18.dxc5 Bxc5 19.Nd4 Bxd4 20.Bh5+ Kd8 21.cxd4 Kc7 22.Nf2 b4 23.Rg1 Rag8 24.Rxg8 Rxg8
25.Rc1 Rg7 26.Qc2 Kb7 27.Nd3 Bb5 28.Be8 Qa6 29.Nc5+ Nxc5 30.Qxc5 Qb6  1/2-1/2

[Event "WY BU16 2012"]
[Site "Maribor SLO"]
[Date "2012.11.12"]
[Round "6.5"]
[White "Akhmetov,Ay"]
[Black "Grib,R"]
[Result "1/2-1/2"]
[WhiteElo "2362"]
[BlackElo "2332"]

1.e4 e6 2.d4 d5 3.Nc3 Nf6 4.e5 Nfd7 5.f4 c5 6.Nf3 Nc6 7.Be3 a6 8.Qd2 b5 9.Be2 Qb6
10.Nd1 f5 11.c3 a5 12.O-O Ba6 13.Ng5 Nd8 14.g4 h6 15.Nf3 g6 16.Kh1 Nc6 17.gxf5 gxf5
18.dxc5 Bxc5 19.Nd4 Bxd4 20.Bh5+ Kd8 21.cxd4 Kc7 22.Nf2 b4 23.Rg1 Rag8 24.Rxg8 Rxg8
25.Rc1 Rg7 26.Qc2 Kb7 27.Nd3 Bb5 28.Be8 Qa6 29.Nc5+ Nxc5 30.Qxc5 Qb6 31.Qf8 Rc7
32.Rc5 Bd3 33.Kg1 Be4 34.Kf2 a4 35.Qd6 a3 36.b3 Na7 37.Rxc7+ Qxc7 38.Qxb4+ Ka8
39.Qd2 Qd8 40.Bf7 Qe7 41.Bg6 Qg7 42.Be8 Qg8 43.Ba4 Qg2+ 44.Ke1 Qh1+ 45.Ke2 Qf3+
46.Ke1 Qh1+ 47.Ke2 Qxh2+ 48.Kd1 Qh5+ 49.Kc1 Qh1+ 50.Qd1 Qg2 51.Qd2 Qf1+ 52.Qd1 Qg2
53.Qd2 Qf1+  1/2-1/2

[Event "WY BU16 2012"]
[Site "Maribor SLO"]
[Date "2012.11.12"]
[Round "6.36"]
[White "Lampert,J"]
[Black "Serikbay,Chingiz"]
[Result "1-0"]
[WhiteElo "2292"]
[BlackElo "2028"]

1.e4 e6 2.d4 d5 3.Nc3 Nf6 4.e5 Nfd7 5.f4 c5 6.Nf3 Nc6 7.Be3 Be7 8.Qd2 O-O
9.Be2 b6 10.O-O f5 11.exf6 Nxf6 12.Bb5 Bd7 13.Rae1 cxd4 14.Nxd4 Nxd4 15.Bxd7 Qxd7
16.Bxd4 Bb4 17.a3 Bxc3 18.Bxc3 Rad8 19.Bxf6 Rxf6 20.Re5 Qb5 21.c3 Qc4 22.g3 g6
23.Rfe1 Rd6 24.R1e4 Qc5+ 25.Rd4 b5 26.Kg2 Qc8 27.Qe2 a6 28.h4 Kf7 29.g4 Qd7
30.Kf3 Kg7 31.Qe3 Rc6 32.h5 Qf7 33.h6+ Kf8 34.Kg3 Rd6 35.Rg5 Qe7 36.Rd2 Rc6
37.Qe5 Kf7 38.Rd4 Qc7 39.Qe3 Rc4 40.Re5 Rc6 41.g5 Rf5 42.Rxf5+ gxf5 43.Qe2 Kf8
44.Rb4 Kf7 45.Qh5+ Kf8 46.Qe2 Kf7 47.Qe3 Qb6 48.Rd4 Qc7 49.Qd3 Rc4 50.Rxc4 Qxc4
51.Qd4 Qxd4 52.cxd4 a5 53.Kh4 Kg8 54.Kh5 Kf7 55.b3 Kg8 56.g6  1-0

[Event "22nd World Seniors Open"]
[Site "Kamena Vourla GRE"]
[Date "2012.11.14"]
[Round "2.38"]
[White "Strohbusch,Frank"]
[Black "Yuksel,M"]
[Result "0-1"]
[WhiteElo "1864"]
[BlackElo "2052"]

1.e4 e6 2.d4 d5 3.Nc3 Nf6 4.e5 Ng8 5.f4 Nh6 6.Nf3 Qd7 7.Be3 b6 8.a3 Ba6 9.Bxa6 Nxa6
10.Qd2 c5 11.Qe2 Nc7 12.O-O Nf5 13.Bf2 Be7 14.g4 Nxd4 15.Nxd4 cxd4 16.Bxd4 g6
17.Rf3 h5 18.Rh3 O-O-O 19.a4 hxg4 20.Qxg4 Rxh3 21.Qxh3 Kb7 22.Qe3 Qc6 23.a5 Nb5
24.axb6 axb6 25.Nxb5 Qxb5 26.Qd3 Qxd3 27.cxd3 Rc8 28.Bc3 Bc5+ 29.d4 Be7 30.Rc1 b5
31.Kf2 Rh8 32.Kg3 Ra8 33.Rb1 Kb6 34.b3 Ra2 35.Rb2 Ra1 36.Rc2 Rg1+ 37.Kf2 Rb1
38.Rb2 Rh1 39.Kg2 Rc1 40.Bd2 Rd1 41.b4 Kb7 42.h3 Bd8 43.Kf2 Bb6 44.Ke3 Rh1
45.Kd3 Rxh3+ 46.Be3 Rh1 47.Rc2 Bc7 48.Rc5 Kb6 49.Rc1 Rxc1 50.Bxc1 Bd8 51.Kc3 Be7
52.Bd2 Kc6 53.Kd3 Kd7 54.Ke2 Ke8 55.Kf3 Bh4 56.Bc3 Kf8 57.Bd2 Kg7 58.Kg2 Kh6
59.Kf3 Kh5 60.Bc3 g5 61.fxg5 Kxg5 62.Bd2+ Kf5 63.Bc3 Bg5 64.Be1 Bf4 65.Bc3 Bc1
66.Be1 Bb2 67.Ke3 Kg4 68.Kd3 Kf3 69.Bd2 Kf2 70.Be3+ Ke1 71.Kc2 Ke2 72.Bg1 Ba3
73.Kb3 Bc1 74.Kc2 Bd2 75.Kb3 Be1 76.Ka3 Kd3 77.Kb3 Bc3  0-1

[Event "WY BU14 2012"]
[Site "Maribor SLO"]
[Date "2012.11.14"]
[Round "7.36"]
[White "Blahynka,M"]
[Black "Guo,Hong-Da Tony D."]
[Result "1-0"]
[WhiteElo "2153"]
[BlackElo "1920"]

1.e4 e6 2.d4 d5 3.Nc3 Nf6 4.e5 Nfd7 5.f4 c5 6.Nf3 Nc6 7.Be3 Be7 8.Qd2 O-O
9.Be2 b6 10.O-O-O a6 11.g4 b5 12.dxc5 Nxc5 13.Bd3 Qa5 14.Kb1 b4 15.Ne2 Rb8
16.Ned4 Nxd4 17.Nxd4 Qc7 18.f5 Bb7 19.Bf4 Qb6 20.Bg3 Nxd3 21.Qxd3 Bc5 22.Qe3 Rfc8
23.f6 g6 24.h4 Kh8 25.h5 Rc7 26.Bf2 Rg8 27.hxg6 fxg6 28.Qh6 Bf8 29.Qh2 Bc8
30.Nf5 Qb7 31.Ne7 Rxe7 32.fxe7 Qxe7 33.Rdf1 Qg7 34.Bh4 Be7 35.Bf6 Bxf6 36.exf6 Qf7
37.Qxh7+  1-0

[Event "WY BU14 2012"]
[Site "Maribor SLO"]
[Date "2012.11.14"]
[Round "7.68"]
[White "Mayed,Al-Rashedi"]
[Black "Majed Ali,Abdouli"]
[Result "1-0"]
[WhiteElo "1777"]
[BlackElo "1630"]

1.e4 e6 2.d4 d5 3.Nc3 Nf6 4.e5 Nfd7 5.f4 c5 6.Nf3 Nc6 7.Be3 cxd4 8.Nxd4 Bc5
9.Qd2 O-O 10.O-O-O Bxd4 11.Bxd4 a6 12.h4 b5 13.Rh3 Qc7 14.Rg3 b4 15.Ne2 a5
16.h5 Ba6 17.Kb1 Rfc8 18.h6 g6 19.Re3 Bxe2 20.Rxe2 Nxd4 21.Qxd4 Rab8 22.g4 a4
23.f5 a3 24.b3 Nc5 25.Bg2 Ne4 26.Bxe4 dxe4 27.Red2 exf5 28.gxf5 Re8 29.e6 fxe6
30.fxg6 e5 31.Qd5+ Kf8 32.Rf1+  1-0

[Event "WY BU16 2012"]
[Site "Maribor SLO"]
[Date "2012.11.14"]
[Round "7.37"]
[White "Benidze,G"]
[Black "Wagdy,A"]
[Result "1-0"]
[WhiteElo "1965"]
[BlackElo "2084"]

1.e4 e6 2.d4 d5 3.Nc3 Nf6 4.e5 Nfd7 5.Nce2 c5 6.c3 Nc6 7.f4 Be7 8.Nf3 O-O
9.h4 Rb8 10.h5 b5 11.g4 f6 12.Bg2 b4 13.h6 g6 14.f5 fxe5 15.fxg6 e4 16.gxh7+ Kh8
17.Nf4 Rxf4 18.Bxf4 exf3 19.Bxf3 Bh4+ 20.Kf1 Ba6+ 21.Kg2 bxc3 22.Bxb8 Ndxb8
23.bxc3 cxd4 24.cxd4 Bf6 25.Rb1 Bxd4 26.Re1 e5 27.Qb3 Bc4 28.Qc2 Qe7 29.Qg6 Qxh7
30.Qf6+ Kg8 31.Rxb8+ Nxb8 32.Qd8+ Kf7 33.Bxd5+ Bxd5+ 34.Qxd5+ Ke8 35.Qxd4 Qc2+  1-0

[Event "WY GU16 2012"]
[Site "Maribor SLO"]
[Date "2012.11.14"]
[Round "7.19"]
[White "Visanescu,D"]
[Black "Hancu,O"]
[Result "1-0"]
[WhiteElo "2060"]
[BlackElo "1966"]

1.e4 e6 2.d4 d5 3.Nc3 Nf6 4.e5 Nfd7 5.Nf3 c5 6.dxc5 Bxc5 7.Bd3 Nc6 8.Bf4 f6
9.exf6 Nxf6 10.O-O O-O 11.Ne5 a6 12.Qf3 Bd6 13.Qe2 Qc7 14.Rae1 Nb4 15.Bg3 Nxd3
16.cxd3 b5 17.d4 Qb6 18.Qe3 a5 19.Rc1 Re8 20.Rfe1 a4 21.Bh4 Nd7 22.f4 Nb8
23.Ne2 Ba6 24.Qg3 b4 25.Qf2 Rf8 26.Qe3 Bxe2 27.Rxe2 Bxe5 28.Qxe5 Re8 29.Rc7  1-0

[Event "38th ch-BAN 2012"]
[Site "Dhaka BAN"]
[Date "2012.11.16"]
[Round "8.2"]
[White "Mohammad,J"]
[Black "Reefat,S"]
[Result "0-1"]
[WhiteElo "2203"]
[BlackElo "2438"]

1.e4 e6 2.d4 d5 3.Nc3 Nf6 4.e5 Nfd7 5.f4 c5 6.Nf3 Nc6 7.Be3 Be7 8.Qd2 O-O
9.g3 b6 10.Bb5 Qc7 11.O-O-O cxd4 12.Nxd4 Na5 13.Nb3 Nc4 14.Bxc4 Qxc4 15.Bd4 a5
16.Qf2 a4 17.Nd2 Qc6 18.f5 exf5 19.Qf3 Bb7 20.Qxf5 b5 21.Kb1 Rac8 22.Rc1 a3
23.Ne2 axb2 24.Bxb2 Nc5 25.Nb3 Ne4 26.Rhf1 Ra8 27.Rcd1 Qa6 28.Nec1 Bc8 29.Qf3 Be6
30.Rfe1 Rfc8 31.Rxe4 dxe4 32.Qxe4 Rc4 33.Rd4 Qc8 34.Nd2 Rca4 35.Rxa4 bxa4
36.Qe3 Rb8 37.a3 Bf5 38.Nd3 Qb7  0-1

[Event "11th Kheireddine Ameyar Mem 2012"]
[Site "Algiers ALG"]
[Date "2012.11.18"]
[Round "5.11"]
[White "Houimel,Omar"]
[Black "Abbes,A"]
[Result "0-1"]
[WhiteElo "1753"]
[BlackElo "2224"]

1.e4 e6 2.d4 d5 3.Nc3 Nf6 4.e5 Nfd7 5.f4 g6 6.Be3 a6 7.Qf3 c5 8.Nge2 Nc6
9.g4 h5 10.O-O-O hxg4 11.Qxg4 Qh4 12.Qf3 c4 13.Kb1 Ne7 14.Ng3 b5 15.Bf2 b4
16.Na4 Bh6 17.Be3 Rb8 18.Be2 Bb7 19.b3 Bc6 20.Nb2 a5 21.Rdf1 a4 22.Nd1 axb3
23.cxb3 c3 24.Nf2 Nf5 25.Ng4 Bg7 26.Bf2 Qd8 27.Nxf5 gxf5 28.Ne3 Qa5 29.Rc1 Ra8
30.Rc2 Bh6 31.Bh4 Bb5 32.Bxb5 Qxb5 33.Qh5 Qd3 34.Nxd5 Rxa2 35.Nc7+ Kf8 36.Qd1 Rb2+  0-1

[Event "Plzen Open 2012"]
[Site "Plzen CZE"]
[Date "2012.11.20"]
[Round "3"]
[White "Chudinovskikh,A"]
[Black "Kalista,K"]
[Result "1-0"]
[WhiteElo "2267"]
[BlackElo "1874"]

1.e4 e6 2.d4 d5 3.Nc3 Nf6 4.e5 Nfd7 5.f4 c5 6.Nf3 Nc6 7.Be3 Be7 8.Be2 a6
9.O-O O-O 10.Qd2 cxd4 11.Nxd4 Nxd4 12.Bxd4 f5 13.exf6 Bxf6 14.Rae1 Bxd4+
15.Qxd4 Qb6 16.Qxb6 Nxb6 17.Bg4 Rf6 18.g3 Bd7 19.Rf2 Rg6 20.h3 Rc8 21.Kh2 Rc6
22.Rfe2 Rf6 23.Nd1 Nc4 24.c3 b5 25.Nf2 g6 26.h4 Kg7 27.Bh3 a5 28.Nd3 a4 29.Nb4 Rd6
30.Rd1 Nb6 31.Nc2 Na8 32.Nd4 Nc7 33.Rde1 Rb6 34.a3 Rd6 35.Nf3 Bc8 36.Rd2 Rb6
37.Ne5 Rd6 38.c4 bxc4 39.Nxc4 Rc6 40.Ne5 Rc5 41.Ree2 Nb5 42.Rc2 Rxc2 43.Rxc2 Rf8
44.Rc5 Nd6 45.Ra5  1-0

[Event "VIII Governor's Cup"]
[Site "Khanty-Mansiysk RUS"]
[Date "2012.11.21"]
[Round "7.7"]
[White "Khismatullin,D"]
[Black "Yudin,S"]
[Result "1/2-1/2"]
[WhiteElo "2646"]
[BlackElo "2546"]

1.e4 e6 2.d4 d5 3.Nc3 Nf6 4.e5 Nfd7 5.f4 c5 6.Nf3 Nc6 7.Be3 a6 8.a3 b5 9.Bd3 Qb6
10.dxc5 Bxc5 11.Bxc5 Nxc5 12.b4 Nd7 13.Qd2 Nd4 14.Nxd4 Qxd4 15.Rd1 Qb6 16.Qf2 Bb7
17.Ne2 Qxf2+ 18.Kxf2 g5 19.g3 d4 20.Rhe1 O-O-O 21.Nxd4 gxf4 22.gxf4 Nxe5
23.Rxe5 Rxd4 24.Ke3 Rd6 25.Rg1 Bd5 26.Reg5 Kd7 27.Rg8 Rxg8 28.Rxg8 Rc6 29.Kd2 h5
30.Rg5 Bf3 31.Rg3 Bg4 32.h3 Bf5 33.Bxf5 exf5 34.Rg5 Ke6 35.Rxh5 Rc4 36.Rh4 f6
37.c3 Kd5 38.Kc2 Ke4 39.Rh8 Kxf4 40.h4 Kg4 41.h5 Kg5 42.h6 Rc6 43.Kd3 Rd6+
44.Ke2 Rc6 45.Kd3 Rd6+ 46.Ke2 Rc6  1/2-1/2

[Event "TCh-SVK Extraliga 2012-13"]
[Site "Slovakia SVK"]
[Date "2012.11.24"]
[Round "3.3"]
[White "Zetocha,C"]
[Black "Kubala,J"]
[Result "1/2-1/2"]
[WhiteElo "2360"]
[BlackElo "2230"]

1.e4 e6 2.d4 d5 3.Nc3 Nf6 4.e5 Nfd7 5.f4 c5 6.Nf3 Nc6 7.Be3 cxd4 8.Nxd4 Bc5
9.Qd2 O-O 10.O-O-O a6 11.h4 Nxd4 12.Bxd4 b5 13.h5 b4 14.Ne2 a5 15.Kb1 Ba6
16.g4 Qc7 17.Bxc5 Nxc5 18.Nd4 Ne4 19.Qh2 Bxf1 20.Rhxf1 Qb6 21.Rd3 a4 22.f5 Rfc8
23.f6 b3 24.cxb3 Qa6 25.Rfd1 axb3 26.a3 gxf6 27.exf6 Nxf6 28.h6 Ne4 29.Rxb3 Qd6
30.Qg1 Rab8 31.Rxb8 Rxb8 32.Qe3 Qb6 33.Qc1 f6 34.Rd3 Qa6 35.Rb3 Rc8 36.Qd1 Nf2
37.Qe1 Ne4 38.Qd1 Nf2  1/2-1/2

[Event "TCh-SVK Extraliga 2012-13"]
[Site "Slovakia SVK"]
[Date "2012.11.25"]
[Round "4.4"]
[White "Pagerka,M"]
[Black "Veres,An"]
[Result "0-1"]
[WhiteElo "2261"]
[BlackElo "2138"]

1.e4 e6 2.d4 d5 3.Nc3 Nf6 4.e5 Nfd7 5.Nf3 a6 6.Bd3 Be7 7.h4 c5 8.dxc5 Nxc5
9.h5 Nc6 10.Bf4 b5 11.Rh3 Bb7 12.Rg3 g6 13.Ng5 Nxd3+ 14.Qxd3 Bxg5 15.Bxg5 Nxe5
16.Qd4 f6 17.hxg6 hxg6 18.O-O-O Kf7 19.Qf4 Qe7 20.Re3 Nd7 21.Nxd5 Bxd5 22.Rxd5 exd5
23.Rxe7+ Kxe7 24.Qe3+ Kf7 25.Bf4 g5 26.Bd6 Rhe8 27.Qd3 Ke6 28.Bc7 Ne5 29.Qh3+ g4
30.Qe3 Kf5 31.g3 Rg8 32.Qf4+ Ke6 33.b3 Nf7 34.Qe3+ Ne5 35.Qb6+ Kf5 36.Qb7 Ke4
37.Bxe5 fxe5 38.c4 bxc4 39.bxc4 Kf3 40.Qxd5+ Kxf2 41.Qxe5 Rae8 42.Qf4+ Kg2
43.Kd2 Ref8 44.Qe5 Rf3 45.c5 Rd8+ 46.Kc2 Rc8 47.Qd6 Re8 48.Kd2 Rf2+ 49.Kd3 Ree2
50.Qxa6 Rxa2 51.Qb7+ Rf3+ 52.Kd4 Rd2+ 53.Ke5 Rc2 54.c6 Rfc3 55.Kf5 Rc5+ 56.Kf4 Kf2
57.Ke4 Ke2 58.Qa6+ R2c4+  0-1

[Event "TCh-AUT 2 East 2012-13"]
[Site "Austria AUT"]
[Date "2012.12.01"]
[Round "5.2"]
[White "Krpelan,W"]
[Black "Heiny,J"]
[Result "0-1"]
[WhiteElo "2246"]
[BlackElo "2264"]

1.e4 e6 2.d4 d5 3.Nc3 Nf6 4.e5 Nfd7 5.f4 c5 6.Nf3 Nc6 7.Be3 a6 8.Qd2 b5 9.dxc5 Bxc5
10.Bxc5 Nxc5 11.Nd4 Qb6 12.b4 Nxb4 13.Ncxb5 Nxc2+ 14.Qxc2 axb5 15.Bxb5+ Bd7
16.Rb1 O-O 17.O-O Ne4 18.Bxd7 Qxd4+ 19.Kh1 Qa7 20.Bb5 Rfc8 21.Qb2 Qxa2 22.Bd3 Nd2
23.Qxa2 Rxa2 24.Ra1 Rxa1 25.Rxa1 Nb3 26.Rb1 Rc1+ 27.Rxc1 Nxc1 28.Bc2 d4 29.Kg1 Ne2+
30.Kf2 Nxf4 31.Be4 Ng6 32.Bxg6 hxg6  0-1

[Event "XXVI Belgrade Trophy 2012"]
[Site "Belgrade SRB"]
[Date "2012.12.01"]
[Round "8.6"]
[White "Ermenkov,Evgenij"]
[Black "Skurikhin,D"]
[Result "1/2-1/2"]
[WhiteElo "2421"]
[BlackElo "2354"]

1.e4 e6 2.d4 d5 3.Nc3 Nf6 4.e5 Nfd7 5.f4 c5 6.Nf3 Nc6 7.Be3 a6 8.Qd2 b5 9.Qf2 Qa5
10.Qd2 b4 11.Nd1 c4 12.c3 bxc3 13.bxc3 Rb8 14.Be2  1/2-1/2